Nový vodný zákon

Pohľad na nový zákon o vodách prijatý NR SR vo februári 2002 a na smernice Európskej únie, ktoré sa dotýkajú ochrany vôd a z ktorých nový zákon vychádzal.

Saved in:
Bibliographic Details
Main Author: Bartková, Eleonóra
Format: Book Chapter
Language:Slovak
Subjects:
Tags: Add Tag
No Tags, Be the first to tag this record!

MARC

LEADER 00000naa a2200000 4500
001 r045480
005 20230925120131.7
041 0 |a slo 
044 |a SK 
245 1 0 |a Nový vodný zákon  |c Eleonóra Bartková 
520 |a Pohľad na nový zákon o vodách prijatý NR SR vo februári 2002 a na smernice Európskej únie, ktoré sa dotýkajú ochrany vôd a z ktorých nový zákon vychádzal. 
610 2 0 |a ochrana vody 
610 2 0 |a zákony 
610 2 0 |a voda odpadová 
610 2 0 |a voda podzemná 
610 2 0 |a voda povrchová 
610 2 0 |a ochrana prostredia životného 
610 2 0 |a ochrana prírody 
610 2 0 |a smernice 
610 2 0 |a Slovensko 
610 2 0 |a Európska únia 
100 1 |a Bartková, Eleonóra